Anagrammes : stations de métro de Paris #2 (avec indice) - Statistiques

Statistiques générales
  • Ce quiz a été pris 105 fois
  • Le résultat moyen est 8 sur 27
Statistiques - réponses
Hint Réponse % Correct
Non cambré (6) Cambronne
70%
Mon slip (4) Simplon
60%
L'immersion (9,13) Miromesnil
51%
Pousser le marabout (3,4) Réaumur - Sébastopol
40%
Tableur (1) Bérault
37%
N'y prête (13) Pernety
37%
Réfugié là (12) Falguière
33%
Iris à médailles (11) Mairie des Lilas
33%
Ô purée (3) Europe
32%
L'eau rime (5) Laumière
32%
Tic au bouc (8) Boucicaut
30%
Routier d'idylle (1,8) Reuilly - Diderot
30%
Pire en tram (3) Parmentier
29%
L'archange ad hoc (10) Chardon Lagache
27%
Mécène ralenti (4) Etienne Marcel
27%
Coq bressan jugé net (5) Jacques Bonsergent
27%
Cas qui jasent (6) Saint-Jacques
27%
Le SS ignoble (7) Les Gobelins
25%
Lait dans ce pi (4) Saint-Placide
24%
Découpons le bandit glouton (10) Boulogne - Pont de Saint-Cloud
22%
Thon peu rapide (2) Porte Dauphine
22%
Bru goûta l'amour (8) La Tour-Maubourg
19%
L'isthme inca (4) Saint-Michel
17%
La révolte des pires (12) Porte de Versailles
16%
Hôpital du pénis puéril (9) Saint-Philippe-du-Roule
14%
Sud rose et bleu (9) Rue des Boulets
8%
L'as Camembert (9) Marcel Sembat
6%
Aucun quiz correspondant
Distribution des résultats
% des personnes avec chaque résultat
Percentile par nombre de réponses
Votre historique - résultats
Vous n’avez pas pris ce quiz